000 00880nam a2200229Ia 4500
001 8960
003 GE_BSU
008 181216s||||||||xx |||||||||||||| ||und||
040 _cGE_BSU
080 _a821.353.1–11
100 _aკახნიაშვილი,ვიქტორ
245 _aგულით ნატარები ოცდახუთი წელიწადი
245 _bლექსები და პოემა
245 _cრედ.ლ.თურმანიძე.მხატვ. გ.წერეთელი
260 _aთბილისი
260 _bმერანი
260 _c1981
300 _a86გვ.პორტრეტი.16სმ.
653 _aგულით ნატარები ოცდახუთი წელიწადი
653 _aლექსები და პოემა
942 _cBK
999 _c42265
_d42265